1977 1593 1949 1308 1406 1974 1079 1436 1284 1139 1301 1102 1877 1531 1238 1246 1533 1157 1453 1620 1649 1629 1277 1569 1651 1602 1450 1240 1759 1187 1150 1212 1273 1164 1836 1586 1378 1213 1279 1215 1492 1882 1521 1269 1894 1278 1891 1727 1861 1891 1675 1181 1691 1708 1177 1900 1741 1612 1904 1543 1338 1840 1311 1391 1456 1868 1758 1184 1443 1418 1815 1290 1099 1818 1784 1800 1180 1350 1205 1663 1022 1793 1580 1228 1870 1644 1966 1239 1837 1068 1417 1742 1507 1089 1833 1373 1283 1636 1144 BCNSPRNW ULIB Ver.6.0+V

เปลี่ยนเป็นภาษาไทย

Change to English
 แสดงรายละเอียดบรรณานุกรม
  กลับหน้าหลัก

Brief Record : Get Marc (ISO 2709) : E-mail record : QR code < ปิดหน้าต่าง
LEADER : 00000nam 2200000uu 4500
001    13399125517
003     ULIB
008    170621s2559||||th 000 0 tha d
020    ^a9786169203902
060 04 ^aWG170^bค334ศ
245 00 ^aศัลยศาสตร์หลอดเลือดประยุกต์.^nเล่ม 1 =^bApplied vascular srugery/^cบรรณาธิการ, คามิน ชินศักดิ์ชัย ... [และคนอื่นๆ]
246 1  ^aCommon problems in vascular surgery
246 31 ^aApplied vascular srugery Volume 1
250    ^aพิมพ์ครั้งที่ 2
260    ^aกรุงเทพฯ :^bสมาคมโรคหลอดเลือดแห่งประเทศไทย,^c2559.
300    ^aก-ฎ, 369 หน้า :^bภาพประกอบ ;^c22 ซม.
650  2 ^aVascular Surgical Procedures
650  4 ^aหลอดเลือด, ศัลยกรรม
653    ^aผลงานอาจารย์คณะแพทยศาสตร์ศิริราชพยาบาล
700 0  ^aคามิน ชินศักดิ์ชัย,^eบรรณาธิการ
710 2  ^aสมาคมโรคหลอดเลือดแห่งประเทศไทย
945    ^p0^l0^i002348
945    ^p0^l0^i002349
945    ^p0^l0^i002350
999    ^aวรรณษา ชูชัยมงคล
รายการนี้ยังไม่มีแท็ก
คุณยังไม่ได้ล็อกอิน คุณสามารถมีกิจกรรมร่วมกับเว็บไซต์ได้ แต่ต้องล็อกอินก่อน ::
  ล็อกอิน

รายการสื่อสารสนเทศ

ลำดับที่ ประเภท เลขเรียก/บาร์โค้ด สถานที่ สถานะ
1. วิทยาศาสตร์การแพทย์ และสุขภาพ
วิทยาศาสตร์การแพทย์ และสุขภาพ
สถานะ=หนังสือเก่า
WG170 ค334ศ ฉ.1 
  Barcode: 002348
ห้องสมุดวิทยาเขตสวรรค์ประชารักษ์
►ส่วนจัดเก็บหนังสือเก่า สปร
บนชั้น
  ขอยืม
2. วิทยาศาสตร์การแพทย์ และสุขภาพ
วิทยาศาสตร์การแพทย์ และสุขภาพ
สถานะ=หนังสือเก่า
WG170 ค334ศ ฉ.2 
  Barcode: 002349
ห้องสมุดวิทยาเขตสวรรค์ประชารักษ์
►ส่วนจัดเก็บหนังสือเก่า สปร
บนชั้น
  ขอยืม
3. วิทยาศาสตร์การแพทย์ และสุขภาพ
วิทยาศาสตร์การแพทย์ และสุขภาพ
สถานะ=หนังสือเก่า
WG170 ค334ศ ฉ.3 
  Barcode: 002350
ห้องสมุดวิทยาเขตสวรรค์ประชารักษ์
►ส่วนจัดเก็บหนังสือเก่า สปร
บนชั้น
  ขอยืม

รายการใกล้เคียง
    หัวเรื่อง [Vascular Surgical Procedures]
    หัวเรื่อง [หลอดเลือด, ศัลยกรรม]

BibComment


ยังไม่เคยถูกคอมเมนท์

คอมเมนท์ทรัพยากรรายการนี้
  คอมเมนท์: ศัลยศาสตร์หลอดเล..


 Copyright 2026. Bcnsprnw @Library